MARC

LEADER 00000nbm0a2200000 4500
001 137878
005 20231031141220.0
035 |a (RuTPU)RU\TPU\book\149412 
090 |a 137878 
100 |a 20080516d1969 k y0rusy50 ca 
101 0 |a rus 
102 |a RU 
105 |a a m 001zy 
200 1 |a Исследование вывода и транспортировки пучка на циклотроне Р-7  |e диссертация на соискание ученой степени кандидата технических наук  |f Ю. П. Харитоненко  |g Томский политехнический институт (ТПИ), Научно-исследовательский институт ядерной физики, электроники и автоматики (НИИ ЯФЭА) ; науч. рук. В. А. Кочегуров 
210 |a Томск  |d 1969 
215 |a 110 л.  |c ил. 
320 |a Библиогр.: с. 106 - 110 ( 106 назв.) 
610 1 |a циклотроны 
610 1 |a транспортировка 
610 1 |a пучки заряженных частиц 
610 1 |a магнитные поля 
610 1 |a ускоряющее напряжение 
610 1 |a дефлекторы 
610 1 |a формирование 
610 1 |a индикация 
610 1 |a расчет 
610 1 |a моделирование 
610 1 |a исследование 
610 1 |a труды учёных ТПУ 
675 |a 539.1.076.611(04)  |v 3 
700 1 |a Харитоненко  |b Ю. П. 
702 1 |a Кочегуров  |b В. А.  |c математик  |c профессор Томского политехнического университета  |f 1931-  |g Владимир Александрович  |2 stltpush  |3 (RuTPU)RU\TPU\pers\13833  |4 727 
712 0 2 |a Томский политехнический институт (ТПИ)  |b Научно-исследовательский институт ядерной физики, электроники и автоматики (НИИ ЯФЭА)  |c (1958-1975)  |2 stltpush  |3 (RuTPU)RU\TPU\col\12423 
801 1 |a RU  |b 63413507  |c 20080516  |g PSBO 
801 2 |a RU  |b 63413507  |c 20130325  |g RCR 
942 |c BK